000 00567nam a22001817a 4500
003 OSt
005 20140310183004.0
008 130209t xxu||||| |||| 00| 0 eng d
020 _a9627093246
050 _aTX 945
_b.M47 1994
245 _aMetro Manila's best restaurants :
_ccompiled by the editors of Philippine Tatler /
260 _aHong Kong :
_bIllustrated Magazine Pub.,
_c1994.
300 _a152 p. :
_b ill. (some col.) ;
_c21 cm.
521 _aTOU
650 _a Food industry and trade
_vPhilippine
_xDirectories.
942 _2lcc
_cBK
_kLOC
999 _c18146
_d18146